Ocnos (Record no. 169123)

MARC details
000 -CABECERA
campo de control de longitud fija 01482cas a2200313 a 4500
003 - IDENTIFICADOR DEL NÚMERO DE CONTROL
campo de control UPN
005 - FECHA Y HORA DE LA ÚLTIMA TRANSACCIÓN
campo de control 20240924070923.0
006 - ELEMENTOS DE LONGITUD FIJA – CARACTERÍSTICAS DE MATERIALES ADICIONALES – INFORMACIÓN GENERAL
campo de control de longitud fija s|||||o|||| 00| 0
008 - ELEMENTOS DE LONGITUD FIJA--INFORMACIÓN GENERAL
campo de control de longitud fija 140506c2005 sp fr1||o 0 0spa d
022 ## - NÚMERO INTERNACIONAL NORMALIZADO PARA PUBLICACIONES SERIADAS
Número Internacional Normalizado para Publicaciones Seriadas 2254-9099
035 ## - NÚMERO DE CONTROL DEL SISTEMA
Número de control de sistema UPN01000197022
040 ## - FUENTE DE LA CATALOGACIÓN
Centro catalogador/agencia de origen MX-MxUPN
Lengua de catalogación spa
Centro/agencia transcriptor MX-MxUPN
Normas de descripción aacr2
049 ## - COLECCIÓN
Colección REV-E
245 00 - MENCIÓN DE TÍTULO
Título Ocnos
Resto del título : revista de estudios sobre lectura
Medio [recurso electrónico en línea]
260 ## - PUBLICACIÓN, DISTRIBUCIÓN, ETC.
Lugar de publicación, distribución, etc. Cuenca :
Nombre del editor, distribuidor, etc. Universidad de Castilla - La Mancha. Facultad de Ciencias de la Educación y Humanidades,
Fecha de publicación, distribución, etc. 2005 -
310 ## - FRECUENCIA ACTUAL DE LA PUBLICACION
Periodicidad actual Semestral
321 ## - FRECUENCIA ANTERIOR DE LA PUBLICACION
Periodicidad anterior Anual
506 ## - NOTA DE RESTRICCIONES AL ACCESO
Limitaciones de acceso Acceso abierto
510 1# - NOTA DE CITAS O REFERENCIAS BIBLIOGRÁFICAS
Nombre de la fuente Latindex
510 1# - NOTA DE CITAS O REFERENCIAS BIBLIOGRÁFICAS
Nombre de la fuente Redalyc
510 1# - NOTA DE CITAS O REFERENCIAS BIBLIOGRÁFICAS
Nombre de la fuente e-revistas
520 ## - NOTA DE RESUMEN, ETC.
Sumario, etc. "Ocnos Revista de Estudios sobre Lectura es una revista semestral, de carácter científico, que tiene como objetivo básico dar a conocer investigaciones y estudios sobre lectura y escritura desde diversos enfoques (sociales, literarios, psicológicos, antropológicos e históricos), así como sobre los procesos educativos, la promoción de la lectura y los hábitos lectores. Ocnos se dirige especialmente a profesores, psicólogos, sociólogos, educadores sociales, filólogos, bibliotecarios y estudiantes de tercer ciclo".
Fuente proveedora Ocnos: revista de estudios sobre lectura.
650 #4 - ASIENTO SECUNDARIO DE MATERIA - TERMINO TEMATICO
Término de materia o nombre geográfico como elemento de entrada Lectura
9 (RLIN) 13351
650 #4 - ASIENTO SECUNDARIO DE MATERIA - TERMINO TEMATICO
Término de materia o nombre geográfico como elemento de entrada Escritura
9 (RLIN) 13353
650 #4 - ASIENTO SECUNDARIO DE MATERIA - TERMINO TEMATICO
Término de materia o nombre geográfico como elemento de entrada Investigación
9 (RLIN) 7412
856 1# - LOCALIZACIÓN Y ACCESO ELECTRÓNICOS
Identificador Uniforme del Recurso <a href="https://www.revistaocnos.com/index.php/ocnos">https://www.revistaocnos.com/index.php/ocnos</a>
905 ## - TIPO DE MATERIAL
Tipo de material Revista
942 ## - ELEMENTOS DE PUNTO DE ACCESO ADICIONAL (KOHA)
Tipo de ítem Koha Revista Electrónica
Holdings
Estado de retiro Estado de pérdida Fuente del sistema de clasificación o colocación Estado dañado No para préstamo Código de colección Localización permanente Ubicación/localización actual Ubicación en estantería Fecha de adquisición Fecha visto por última vez Identificador Uniforme del Recurso Tipo de ítem Koha
    Library of Congress Classification     Acceso abierto Bib. Gregorio Torres Quintero Bib. Gregorio Torres Quintero En línea 14/05/2022 14/05/2022 http://ocnos.revista.uclm.es/index.php/ocnos Revista Electrónica